<?xml version="1.0" encoding="UTF-8"?>
<collection xmlns="http://www.loc.gov/MARC21/slim">
 <record>
  <leader>00725nam a22002055a 4500</leader>
  <controlfield tag="001">EHU.bham042517</controlfield>
  <controlfield tag="003">AR-BHAM</controlfield>
  <controlfield tag="005">20140515194719.0</controlfield>
  <controlfield tag="008">130507s2012##################000#0#####d</controlfield>
  <datafield tag="020" ind1=" " ind2=" ">
   <subfield code="a">9789872892166</subfield>
  </datafield>
  <datafield tag="082" ind1="3" ind2="2">
   <subfield code="a">323.982</subfield>
  </datafield>
  <datafield tag="245" ind1="0" ind2="0">
   <subfield code="a">Memoria anual 2012 :</subfield>
   <subfield code="b">informe de actividades del iem 2012  /</subfield>
   <subfield code="c"> Dir. Por Eduardo Tavani</subfield>
  </datafield>
  <datafield tag="260" ind1=" " ind2=" ">
   <subfield code="a">Bueos Aires :</subfield>
   <subfield code="b">Instituto Espacio para la Memoria,</subfield>
   <subfield code="c">2012</subfield>
  </datafield>
  <datafield tag="300" ind1=" " ind2=" ">
   <subfield code="a">80 p.</subfield>
  </datafield>
  <datafield tag="653" ind1=" " ind2=" ">
   <subfield code="a">Derechos humanos</subfield>
  </datafield>
  <datafield tag="653" ind1=" " ind2=" ">
   <subfield code="a">Centros clandestinos de detención</subfield>
  </datafield>
  <datafield tag="653" ind1=" " ind2=" ">
   <subfield code="a">Dictadura argentina-1976-1983</subfield>
  </datafield>
  <datafield tag="653" ind1=" " ind2=" ">
   <subfield code="a">Historia argentina-dictadura-1976-1983</subfield>
  </datafield>
  <datafield tag="700" ind1="1" ind2=" ">
   <subfield code="a">Tavani, Eduardo, dir.</subfield>
  </datafield>
  <datafield tag="859" ind1=" " ind2=" ">
   <subfield code="a">AR-BHAM</subfield>
   <subfield code="b">BIB. HUMANIDADES - Derechos Humanos</subfield>
   <subfield code="h">323.982</subfield>
   <subfield code="i">M519-1</subfield>
   <subfield code="p">138.14</subfield>
   <subfield code="t">Ej.1</subfield>
   <subfield code="v">DH</subfield>
  </datafield>
 </record>
</collection>
